LEADER 00974naa a2200217 u 4500 001 000000096139 003 CaOOAMICUS 005 20070226130145.0 008 040720s1982 is u000 u eng u 020 $a9652170100 035 $a11004938 040 $aIAR$bita 100 1 $aMayer, Hans Eberhard,$d1932-$0(OLS)http://pul/name/8830 245 10$aCarving up crusaders :$bThe early Ibelins and Ramlas /$cHans Eberhard Mayer. 260 $aJerusalem :$bYad Izhak Ben-zvi institute,$c1982. 300 $aS. 101-118, ;$c23 cm 773 0 $aOutremer : Studies in the history of the Crusading Kingdom of Jerusalem. 773 0 $tOutremer : studies in the history of the Crusading Kingdom of Jerusalem presented to Joshua Prawer$w()67641 996 $6020$a9652170100$9(OLS)http://pul/number/87679 996 $6245$aCarving up crusaders :$bThe early Ibelins and Ramlas$9(OLS)http://pul/title/123017 996 $6260$aJerusalem :$bYad Izhak Ben-zvi institute$9(OLS)http://pul/publisher/71819 LEADER 01518nam a2200349 a 4500 001 000000171046 003 CaOOAMICUS 005 20181211113412.0 008 181211s2017 sp 000 u ita r 020 $a978-84-9055-908-6* 032 $aLibriCat 040 $aPUL$bita 041 $aita$hspa 082 14$a262.15 100 1 $aMorales, Tomás,$d1908-1994.$0(OLS)http://pul/name/109980 240 10$aForja de hombres.$lItaliano.$0(OLS)http://pul/title/211909 245 10$aForgiare uomini /$cTomás Morales, S.I. ; prefazione dell'Em.mo Card. Beniamino Stella . 260 $aMadrid :$bCrociate di Santa Maria ;$aMadrid :$bEncuentro,$c©2017. 300 $a241 p. ;$c23 cm. 504 $aBibliografia in nota a pič pagina. 600 14$aMorales, Tomás,$d1908-1994.$0(OLS)http://pul/subject/45814 650 4$aApostolato dei laici.$0(OLS)http://pul/subject/12144 700 1 $aStella, Beniamino,$ccardinale,$d941-$0(OLS)http://pul/name/109981 850 $aPUL 852 $aPUL$W1$xDP2 Religione 3$y114$m262. 15 MORTO 1$j194560$qDDC 21$B199608$CPULBib$Z2$F199608 $H131980 $81 941 1 $a9 996 $6020$a978-84-9055-908-6*$9(OLS)http://pul/number/165574 996 $6082$a262.15$9(OLS)http://pul/classification/375 996 $6245$aForgiare uomini$9(OLS)http://pul/title/211910 996 $6260$aMadrid :$bCrociate di Santa Maria$9(OLS)http://pul/publisher/87095 996 $6260$aMadrid :$bEncuentro$9(OLS)http://pul/publisher/64926